1228 1621 1236 1964 1935 1220 1045 1126 1765 1762 1416 1105 1468 1655 1217 1242 1619 1127 1759 1156 1706 1228 1515 1166 1955 1389 1894 1367 1516 1381 1405 1179 1486 1879 1398 1938 1412 1856 1521 1206 1950 1847 1090 1205 1235 1341 1209 1664 1828 1940 1578 1330 1042 1917 1207 1039 1719 1001 1099 1416 1794 1975 1277 1698 1181 1330 1515 1749 1846 1122 1788 1211 1047 1315 1419 1482 1488 1215 1095 1871 1552 1035 1862 1626 1448 1761 1910 1743 1184 1104 1790 1817 1043 1043 1947 1415 1115 1566 1234 BCNSPRNW ULIB Ver.6.0+V

เปลี่ยนเป็นภาษาไทย

Change to English
 แสดงรายละเอียดบรรณานุกรม
  กลับหน้าหลัก

Brief Record : Get Marc (ISO 2709) : E-mail record : QR code < ปิดหน้าต่าง
LEADER : 00000nam 2200000uu 4500
001    13399122804
003     ULIB
008    131003s2555||||th 000 0 tha d
020    ^a9789744753564
050  4 ^aBF637^bน672ส
100 0  ^aนิ้วกลม
245 10 ^aสิ่งที่ค้นพบระหว่างนั่งเฉยเฉย /^cนิ้วกลม
250    ^aพิมพ์ครั้งที่ 19
260    ^aกรุงเทพฯ :^bแพรวสำนักพิมพ์,^c2555
300    ^a211 หน้า :^bภาพประกอบ
650  7 ^aกวีนิพนธ์ไทย
945    ^p155^l0^i034027
999    ^aกมลทิพย์ ธนสารสุธี
รายการนี้ยังไม่มีแท็ก
คุณยังไม่ได้ล็อกอิน คุณสามารถมีกิจกรรมร่วมกับเว็บไซต์ได้ แต่ต้องล็อกอินก่อน ::
  ล็อกอิน

รายการสื่อสารสนเทศ

ลำดับที่ ประเภท เลขเรียก/บาร์โค้ด สถานที่ สถานะ
1. การศึกษาทั่วไป
หนังสือสำรอง
สถานะ=หนังสือสำรอง
BF637 น672ส ฉ.1 
  Barcode: 034027
ห้องสมุดวิทยาเขตสวรรค์ประชารักษ์
►หนังสือทั่วไป
บนชั้น

รายการใกล้เคียง
    ผู้แต่ง [นิ้วกลม]

    หัวเรื่อง [กวีนิพนธ์ไทย]

BibComment


ยังไม่เคยถูกคอมเมนท์

คอมเมนท์ทรัพยากรรายการนี้
  คอมเมนท์: สิ่งที่ค้นพบระหว..


 Copyright 2026. Bcnsprnw @Library